Adler, Sinaj Wolfgang. V údolí smrti. - Zavlekov : AgAkcent. - 2004 [Rezension]

Titel: Adler, Sinaj Wolfgang. V údolí smrti. - Zavlekov : AgAkcent. - 2004 [Rezension]
Verfasser:
In: Zlatá stezka, Band 11 (2004), Seite 133-134
alle Artikel anzeigen
Veröffentlicht: 2004
Format: Aufsatz
Sprache: Tschechisch
Kein Bild verfügbar
X
alg: 39510915
001A    $01999:12-11-16 
001B    $01999:04-08-21 $t21:05:04.000 
001D    $01999:12-11-16 
001U    $0utf8 
001X    $00 
002@    $0Aox 
003@    $0395109159 
007A    $0395109159 $aHEB 
007T    $0Herda25142h 
010@    $acze 
011@    $a2004 
021A    $aAdler, Sinaj Wolfgang. V údolí smrti. - Zavlekov : AgAkcent. -  2004 [Rezension] 
028A    $aPodlešák $dJan 
031A    $d11 $h133-134 $j2004 
039B    $aIn $8--Abvc--. Zlatá stezka. - Prachatice, 1994- $x200400000110000867 $9070440182 
039T    $8--Aax--Adler, Sinaj Wolfgang. V údolí smrti. - Zavlekov : AgAkcent, 2004. - 184-185 $939550712X 
045F    $a900.94371 $eDDC23BSB 
045F/01 $a900 
045F/03 $g4371 
045T    $a7,41 

lok: 39510915 78

exp: 39510915 78 1 #EPN
201B/01 $026-11-17 $t03:59:02.000 
201U/01 $0utf8 
203@/01 $0791407799 
208@/01 $a12-11-16 $be 
209A/01 $a/ $f000 $x00 
220C/01 $aHerkunft: Hú Av Čr Praha 
244Z/01 $#Tschechien $#Tschechische Republik $#Tschechische Republik $#Tschechenland $#Tschechei Tschechien $#Česká Republika $#Czech Republic $#ČR $74303381-7 $8--Tg1--Tschechien $x01 $9086659812 
244Z/01 $2Trx $#Böhmen $#Bohemia $#Czechy $8--Trx--Čechy $x02 $9391188941 
244Z/01 $2Trx $#arvustused $#recenzijos $#Reviews $#recenziók $#recenzje $#recenzie $#recenze $8--Trx--Rezensionen $x03 $9391357441 
247C/01 $82080>Marburg/Lahn, Herder-Institut, Forschungsbibliothek, Bibliographieportal $9336309341
LEADER 00000caa a22000002c 4500
001 395109159
003 DE-603
005 20210804210504.0
007 tu
008 161112s2004 xx |||| | u00||u|cze c
035 |a (DE-599)HEB395109159 
040 |a DE-603  |b ger  |c DE-603  |d DE-603 
041 |a cze 
082 0 4 |8 1\u  |a 900.94371  |q DE-101  |2 23/BSB 
084 |a 7,41  |2 ssgn 
085 |8 1\u  |b 900 
085 |8 1\u  |z 2  |s 4371 
100 1 |a Podlešák, Jan 
245 0 0 |a Adler, Sinaj Wolfgang. V údolí smrti. - Zavlekov : AgAkcent. - 2004 [Rezension] 
264 0 |c 2004 
773 0 8 |i In  |t Zlatá stezka  |d Prachatice, 1994-  |g Band 11 (2004), Seite 133-134  |w (DE-603)070440182  |w (DE-600)1344104-8 
787 0 8 |i Rezension von  |a Adler, Sinaj Wolfgang  |t V údolí smrti  |d Zavlekov : AgAkcent, 2004  |h 184-185  |w (DE-603)39550712X 
924 0 |9 2080  |a (DE-603)791407799  |b DE-2080  |c HES  |d d  |g /